ՀՀ Գիտությունների ազգային ակադեմիայի հիմնարար գիտական գրադարան  =   Fundamental Scientific Library of NAS RA

Рациональное использование земельных ресурсов и повышение плодородия почв : (Record no. 252677)

MARC details
000 -LEADER
fixed length control field 00943nam a2200205 a 4500
001 - CONTROL NUMBER
control field 000680979
003 - CONTROL NUMBER IDENTIFIER
control field AM-YeHGA
005 - DATE AND TIME OF LATEST TRANSACTION
control field 20250617142200.0
008 - FIXED-LENGTH DATA ELEMENTS--GENERAL INFORMATION
fixed length control field 090904s1985 ru r 000 0 rus d
040 ## - CATALOGING SOURCE
Original cataloging agency AM-YeHGA
041 0# - LANGUAGE CODE
Language code of text/sound track or separate title rus
090 ## - LOCALLY ASSIGNED LC-TYPE CALL NUMBER (OCLC); LOCAL CALL NUMBER (RLIN)
-- 254276
245 00 - TITLE STATEMENT
Title Рациональное использование земельных ресурсов и повышение плодородия почв :
Remainder of title Межвузовский сборник научных трудов /
Statement of responsibility, etc. Мордов. гос. ун-т им. Н. П. Огарева; [Редкол.: Щетинина А. С. (отв. ред.) и др.].
260 ## - PUBLICATION, DISTRIBUTION, ETC.
Place of publication, distribution, etc. Саранск :
Name of publisher, distributor, etc. МГУ,
Date of publication, distribution, etc. 1985.
300 ## - PHYSICAL DESCRIPTION
Extent 154, V с. :
Other physical details ил.
504 ## - BIBLIOGRAPHY, ETC. NOTE
Bibliography, etc. note Библиогр. в конце ст.
653 0# - INDEX TERM--UNCONTROLLED
Uncontrolled term Почвы
653 0# - INDEX TERM--UNCONTROLLED
Uncontrolled term Плодородие почвы
710 2# - ADDED ENTRY--CORPORATE NAME
Corporate name or jurisdiction name as entry element Мордовский государственный университет им. Н.П. Огарева
Holdings
Withdrawn status Lost status Damaged status Not for loan Collection Home library Current library Date acquired Total checkouts Full call number Barcode Date last seen Price effective from Koha item type Public note
        General Fundamental Scientific Library Fundamental Scientific Library 29/12/2016   PII/552597 FL0134457 29/12/2016 29/12/2016 Գրքեր / Books 30 Days Loan
        General Fundamental Scientific Library Fundamental Scientific Library 29/12/2016   PII/558783 FL0125965 29/12/2016 29/12/2016 Գրքեր / Books 30 Days Loan


ՀՀ ԳԱԱ հիմնարար գիտական գրադարան
ՀՀ,Երևան 0019
Մարշալ Բաղրամյան 24/6
հեռախոս:(374-10) 52-47-50
Հետադարձ կապ

All site content, except where otherwise noted, is licensed under a
Creative Commons License